00537nam a2200157 a 450000500170000000800410001702000180005805000230007610000190009924500680011826000370018630000190022352000980024265000180034065000210035820140412111342.0040114s19uu xx 00 eng d a0-689-81581-6 aTR(PS EbWe37 1989 aRosen, Michael aWe're going on a bear hunt /cby Michael Rosen, Helen Oxenbury. aNew York :bLittle Simon,c1989. a[33] p. ; ill. aThe tale of a brave family's joyous romp through sweeping landscapes is sure to win new fans. aOutdoor games aChildren stories